000 00327nam a2200133Ia 4500
008 240624s9999 xx 000 0 und d
041 _aeng
082 _a005.57 WAL
100 _aWALKENBACH JOHN
245 _aMICROSOFT EXCEL 2010 BIBLE
260 _c2012
_aNew Delhi
_bWiley India
300 _a1056 : p.
365 _cRS
_b33.33
999 _c21413
_d21413